Redes Sociais e juventude rural: apropiaçes de propostas de comunicação para o desenvolvimiento em redes globalizadas /

Uloženo v:
Podrobná bibliografie
Hlavní autor: Lima, Nataly de Queiroz
Další autoři: Santos, Maria Salett Tauk dos
Médium: Text
Tagy: Přidat tag
Žádné tagy, Buďte první, kdo vytvoří štítek k tomuto záznamu!

MARC

LEADER 00000 a a2200000 04500
001 47182
003
040
100 |a Lima, Nataly de Queiroz  
245 |a Redes Sociais e juventude rural:   |b apropiaçes de propostas de comunicação para o desenvolvimiento em redes globalizadas /  |c Nataly de Queiroz Lima, Maria Salett Tauk dos Santos  
700 |a Santos, Maria Salett Tauk dos  
773 |g volumen35, número2, (2012), páginas 225-246  
999 |c 40107  |d 40107